| 000 | 01116cab a22001935a 4500 | ||
|---|---|---|---|
| 001 | L159107 | ||
| 008 | 160129e20160123xxk 000 0 eng d | ||
| 035 | _a(Sirsi) u159107 | ||
| 041 | 0 | _aeng | |
| 100 | 1 | _aPugh, T. | |
| 245 | 0 | 0 | _aMeasuring Up |
| 260 | _c2016 | ||
| 490 |
_aEstates Gazette _v(1603) 23 January 2016, 76-77(2) |
||
| 520 | _aLooks at how the property industry will be affected by the new RICS Professional Statement for Offices becoming mandatory from January 2016 as part of the new International Property Measurement Standard (IPMS). Explains why IPMS is needed with property investment being a global business but with many of the leading global markets having their own standards for measuring property making it difficult for asset and fund managers to compare properties on a like for like basis. Further considers the changes for the UK and the fact that RICS has acknowledged that for a period of time there will be an element of 'duel reporting' while the industry gets used to the new system. | ||
| 590 | _aKA | ||
| 651 | 4 | _aInternational | |
| 690 |
_aMeasurement _96256 |
||
| 942 | _n0 | ||
| 999 |
_c84803 _d84803 |
||